[Event "Titled Tuesday intern op 23rd Jan Late"]
[Site "Chess.com INT"]
[Date "2024.01.23"]
[Round "3"]
[White "Ozer, Omer Faruk"]
[Black "Hong, Andrew Z"]
[Result "0-1"]
[WhiteElo "2337"]
[BlackElo "2539"]
[PlyCount "58"]
[EventDate "2024.01.23"]
[EventType "swiss (blitz)"]
[EventRounds "11"]
[EventCountry "USA"]
[SourceTitle "CB05_2024"]
[SourceDate "2024.01.31"]
[SourceVersion "1"]
[SourceVersionDate "2024.01.31"]
[SourceQuality "1"]

1. e4 Nc6 2. Nf3 d6 3. Bb5 a6 4. Bxc6+ bxc6 5. 0-0 Nf6 6. Re1 g6 7. d4 Bg7 8. h3 0-0 9. Nbd2 Nd7 10. Nb3 a5 11. a4 Nb6 12. Bd2 Nc4 13. Bc3 h6 14. Nfd2 Nb6 15. Nxa5 Qe8 16. Ndc4 Nxc4 17. Nxc4 c5 18. b3 cxd4 19. Bxd4 e5 20. Bc3 f5 21. exf5 gxf5 22. f4 Bb7 23. fxe5 Qg6 24. Qd2 f4 25. Qf2 Rf5 26. Nd2 Bxg2 27. Kh2 Bxh3 28. Nf3 Rh5 29. Nh4 Rxh4 0-1

[Event "Titled Tuesday intern op 09th Jan Early"]
[Site "Chess.com INT"]
[Date "2024.01.09"]
[Round "3"]
[White "Ozer, Omer Faruk"]
[Black "Chigaev, Maksim"]
[Result "0-1"]
[WhiteElo "2337"]
[BlackElo "2622"]
[PlyCount "48"]
[EventDate "2024.01.09"]
[EventType "swiss (blitz)"]
[EventRounds "11"]
[EventCountry "USA"]
[SourceTitle "CB03_2024"]
[SourceDate "2024.01.17"]
[SourceVersion "1"]
[SourceVersionDate "2024.01.17"]
[SourceQuality "1"]

1. e4 e5 2. Nc3 Nf6 3. g3 Bc5 4. Bg2 c6 5. Nf3 d5 6. 0-0 d4 7. Ne2 Nbd7 8. d3 Be7 9. h3 0-0 10. Nh2 c5 11. f4 b5 12. Nf3 Bd6 13. g4 Rb8 14. Qe1 c4 15. Qg3 Qc7 16. fxe5 Nxe5 17. Bf4 Nxf3+ 18. Rxf3 Bxf4 19. Nxf4 Be6 20. g5 Nd7 21. Qf2 Ne5 22. Rg3 Ng6 23. Ne2 Rbd8 24. Kh2 f6 0-1

[Event "Titled Tuesday intern op 09th Jan Early"]
[Site "Chess.com INT"]
[Date "2024.01.09"]
[Round "2"]
[White "Ozer, Omer Faruk"]
[Black "Sultanbek, Zeinep"]
[Result "1-0"]
[WhiteElo "2337"]
[BlackElo "2040"]
[PlyCount "59"]
[EventDate "2024.01.09"]
[EventType "swiss (blitz)"]
[EventRounds "11"]
[EventCountry "USA"]
[SourceTitle "CB03_2024"]
[SourceDate "2024.01.17"]
[SourceVersion "1"]
[SourceVersionDate "2024.01.17"]
[SourceQuality "1"]

1. d4 d5 2. c4 e6 3. Nc3 Be7 4. e4 dxe4 5. Nxe4 Bb4+ 6. Nc3 c5 7. a3 Ba5 8. Be3 Nf6 9. dxc5 Bxc3+ 10. bxc3 Qa5 11. Qb3 0-0 12. Nf3 Ne4 13. Qb4 Qc7 14. Bd3 Na6 15. Qb1 Nf6 16. Bd4 Nxc5 17. Bxf6 Nxd3+ 18. Qxd3 gxf6 19. 0-0 b6 20. Qd4 e5 21. Qh4 Bb7 22. Qxf6 Bxf3 23. gxf3 Qd8 24. Qxe5 Re8 25. Qh5 Qf6 26. Kh1 Re5 27. Rg1+ Kh8 28. Qg4 Rf5 29. Rg3 h5 30. Qe4 1-0

[Event "TUR-chT"]
[Site "Ankara"]
[Date "2023.07.18"]
[Round "9.34"]
[White "Ozer, Omer Faruk"]
[Black "Solak, Dragan"]
[Result "0-1"]
[WhiteElo "2333"]
[BlackElo "2586"]
[PlyCount "106"]
[EventDate "2023.07.10"]
[EventType "team-tourn"]
[EventRounds "11"]
[EventCountry "TUR"]
[SourceTitle "EXT 2024"]
[Source "ChessBase"]
[SourceDate "2023.10.10"]
[SourceVersion "1"]
[SourceVersionDate "2023.10.10"]
[SourceQuality "1"]
[WhiteTeam "Hukukcu Fenerbahceliler"]
[BlackTeam "Bayegan Pendik"]
[WhiteTeamCountry "TUR"]
[BlackTeamCountry "TUR"]

1. d4 Nf6 2. Nf3 g6 3. Bg5 Bg7 4. Nbd2 d5 5. e3 0-0 6. Be2 c5 7. c3 Nbd7 8. 0-0 b6 9. b4 h6 10. Bh4 g5 11. Bg3 Nh5 12. Qa4 Nxg3 13. hxg3 Qc7 14. bxc5 bxc5 15. Rab1 c4 16. e4 e6 17. Ne1 Nb6 18. Qa5 Rd8 19. e5 Bd7 20. f4 f5 21. g4 fxg4 22. fxg5 h5 23. Nc2 Be8 24. Nb4 Bg6 25. Rb2 Bf5 26. Bd1 Rf8 27. Bc2 Bxc2 28. Nxc2 Qe7 29. Rf6 Bxf6 30. gxf6 Qh7 31. Nf1 Qd7 32. Qa3 Kf7 33. Rb4 Rh8 34. Qb2 Rab8 35. Qb1 Qc7 36. Nce3 Nd7 37. g3 Rxb4 38. Qxb4 Nf8 39. Qb1 Ng6 40. Ng2 Qb6 41. Qe1 Qb2 42. Qe3 Qxa2 43. Qg5 Rh7 44. Qc1 a5 45. Nfe3 a4 46. Nc2 Qb3 47. Na3 h4 48. Ne3 hxg3 49. Nxg4 Nf4 50. Qxf4 Qd1+ 51. Kg2 Qh1+ 52. Kxg3 Qg1+ 53. Kf3 Qf1+ 0-1

[Event "Titled Tuesday intern op 04th Jul Late"]
[Site "Chess.com INT"]
[Date "2023.07.04"]
[Round "5"]
[White "Ozer, Omer Faruk"]
[Black "Indjic, Aleksandar"]
[Result "0-1"]
[WhiteElo "2333"]
[BlackElo "2619"]
[PlyCount "96"]
[EventDate "2023.07.04"]
[EventType "swiss (blitz)"]
[EventRounds "11"]
[EventCountry "USA"]
[SourceTitle "EXT 2024"]
[Source "ChessBase"]
[SourceDate "2023.10.10"]
[SourceVersion "1"]
[SourceVersionDate "2023.10.10"]
[SourceQuality "1"]

1. e4 e5 2. Nf3 Nc6 3. Bc4 Nf6 4. d3 d5 5. exd5 Nxd5 6. 0-0 Be7 7. Re1 f6 8. a4 Bg4 9. a5 a6 10. Nc3 Be6 11. Ne2 Qd7 12. c3 0-0 13. Ng3 Bf7 14. Qb3 Rab8 15. Qa2 Bc5 16. h3 Kh8 17. Bd2 Rbd8 18. Rad1 Ba7 19. Bc1 g5 20. Ne4 Bg8 21. d4 exd4 22. cxd4 Ndb4 23. Qb3 Bxc4 24. Qxc4 Qd5 25. Qc3 Na2 26. Qc2 Nxc1 27. Qxc1 Qxa5 28. Nc5 Bxc5 29. dxc5 Qb4 30. Rxd8 Rxd8 31. Re6 Kg7 32. Nxg5 Qd2 33. Qxd2 Rxd2 34. Ne4 Rxb2 35. Ng3 Kf7 36. Re4 Rb4 37. Re2 a5 38. Rd2 Ne5 39. Rd8 Rc4 40. Rh8 Rxc5 41. Rxh7+ Ke6 42. Ne4 Rc4 43. f3 a4 44. Rh6 Nd7 45. Rh5 b6 46. Rh8 f5 47. Re8+ Kf7 48. Rd8 Ke7 0-1

[Event "Titled Tuesday intern op 04th Jul Late"]
[Site "Chess.com INT"]
[Date "2023.07.04"]
[Round "4"]
[White "Sargsyan, Shant"]
[Black "Ozer, Omer Faruk"]
[Result "0-1"]
[WhiteElo "2654"]
[BlackElo "2333"]
[PlyCount "96"]
[EventDate "2023.07.04"]
[EventType "swiss (blitz)"]
[EventRounds "11"]
[EventCountry "USA"]
[SourceTitle "EXT 2024"]
[Source "ChessBase"]
[SourceDate "2023.10.10"]
[SourceVersion "1"]
[SourceVersionDate "2023.10.10"]
[SourceQuality "1"]

1. c4 e5 2. g3 h5 3. Nc3 h4 4. Bg2 Nc6 5. d3 Bc5 6. e3 d6 7. a3 a6 8. b4 Ba7 9. Rb1 Nge7 10. a4 a5 11. b5 Nb4 12. Nge2 Bf5 13. e4 Bg4 14. h3 Be6 15. g4 Ng6 16. Be3 Bc5 17. Qd2 c6 18. 0-0 0-0 19. Kh2 Qb6 20. Nc1 Rad8 21. Nb3 Qa7 22. Ne2 cxb5 23. axb5 b6 24. f4 exf4 25. Nxf4 Nxf4 26. Bxf4 a4 27. Nc1 Qa5 28. Bg5 f6 29. Bxh4 a3 30. g5 fxg5 31. Nb3 Qa4 32. Nxc5 dxc5 33. Bxg5 a2 34. Ra1 Rxf1 35. Bxf1 Rf8 36. Qb2 Ra8 37. Be2 Qc2 38. Bc1 Qxb2 39. Bxb2 Nc2 40. Rc1 a1Q 41. Bxa1 Nxa1 42. Kg3 Nb3 43. Rg1 Nd4 44. Bd1 Ra3 45. Kf4 Rxd3 46. Ke5 Bxc4 47. Bg4 Nxb5 48. Ra1 Nd6 0-1

[Event "Titled Tuesday intern op 06th Jun Late"]
[Site "Chess.com INT"]
[Date "2023.06.06"]
[Round "8"]
[White "Licznerski, Lukasz"]
[Black "Ozer, Omer Faruk"]
[Result "0-1"]
[WhiteElo "2460"]
[BlackElo "2360"]
[PlyCount "56"]
[EventDate "2023.06.06"]
[EventType "swiss (blitz)"]
[EventRounds "11"]
[EventCountry "USA"]
[SourceTitle "EXT 2024"]
[Source "ChessBase"]
[SourceDate "2023.10.10"]
[SourceVersion "1"]
[SourceVersionDate "2023.10.10"]
[SourceQuality "1"]

1. e4 c5 2. Nf3 d6 3. Bb5+ Bd7 4. Bxd7+ Nxd7 5. 0-0 Ngf6 6. Re1 Rc8 7. c3 Qc7 8. Na3 a6 9. d4 cxd4 10. cxd4 e6 11. Bf4 Be7 12. Rc1 Qb8 13. e5 dxe5 14. Nxe5 Rxc1 15. Qxc1 Qd8 16. Nec4 0-0 17. Qc2 b5 18. Ne5 Nxe5 19. Bxe5 Bxa3 20. bxa3 Nd5 21. Rc1 Qd7 22. h4 Nb6 23. Qc6 Rc8 24. Bc7 Qxc6 25. Rxc6 Nd5 26. Rxa6 Nxc7 27. Rc6 Kf8 28. Rxc7 Rxc7 0-1

[Event "Titled Tuesday intern op 06th Jun Late"]
[Site "Chess.com INT"]
[Date "2023.06.06"]
[Round "3"]
[White "Narayanan, Sunilduth Lyna"]
[Black "Ozer, Omer Faruk"]
[Result "1-0"]
[WhiteElo "2657"]
[BlackElo "2360"]
[PlyCount "123"]
[EventDate "2023.06.06"]
[EventType "swiss (blitz)"]
[EventRounds "11"]
[EventCountry "USA"]
[SourceTitle "EXT 2024"]
[Source "ChessBase"]
[SourceDate "2023.10.10"]
[SourceVersion "1"]
[SourceVersionDate "2023.10.10"]
[SourceQuality "1"]

1. f4 Nh6 2. Nh3 d5 3. Nf2 Nf5 4. g4 Nh4 5. d4 h5 6. gxh5 Rxh5 7. e4 Rh8 8. e5 g6 9. c4 dxc4 10. Nc3 Nd7 11. Bxc4 Nb6 12. Bb3 Bh6 13. d5 Bxf4 14. Bxf4 Ng2+ 15. Kf1 Nxf4 16. Qd4 g5 17. a4 Bh3+ 18. Nxh3 Rxh3 19. a5 Rf3+ 20. Ke1 Nd7 21. e6 Nf6 22. exf7+ Kxf7 23. Rg1 g4 24. Rg3 Rxg3 25. hxg3 N4h5 26. d6+ Kg7 27. Qe5 Qxd6 28. Qg5+ Kf8 29. Qh6+ Ke8 30. Qh8+ Kd7 31. Qxa8 Qxg3+ 32. Kd2 Qf2+ 33. Kc1 g3 34. Qxb7 g2 35. Ba4+ Kd6 36. Nb5+ Ke5 37. Qxc7+ Kf5 38. Bc2+ Kg5 39. Qe5+ Kh4 40. Kb1 g1Q+ 41. Ka2 Qgg3 42. Rh1+ Qh3 43. Rxh3+ Kxh3 44. Qf5+ Kg3 45. Qxf2+ Kxf2 46. Nxa7 Nd5 47. Nc6 Nhf6 48. b4 Nd7 49. Bb3 Nc3+ 50. Kb2 Nb5 51. Bc4 Nd6 52. Kc3 e5 53. b5 e4 54. Nb4 e3 55. Nd3+ Kf3 56. Ne1+ Kf2 57. Nc2 e2 58. Bxe2 Kxe2 59. b6 Nb7 60. a6 Na5 61. b7 Nxb7 62. axb7 1-0

[Event "Titled Tuesday intern op 28th Mar Late"]
[Site "Chess.com INT"]
[Date "2023.03.28"]
[Round "4"]
[White "Andreikin, Dmitry"]
[Black "Ozer, Omer Faruk"]
[Result "1/2-1/2"]
[WhiteElo "2729"]
[BlackElo "2360"]
[PlyCount "204"]
[EventDate "2023.03.28"]
[EventType "swiss (blitz)"]
[EventRounds "11"]
[EventCountry "USA"]
[SourceTitle "EXT 2024"]
[Source "ChessBase"]
[SourceDate "2023.10.10"]
[SourceVersion "1"]
[SourceVersionDate "2023.10.10"]
[SourceQuality "1"]

1. e4 c5 2. Nc3 Nc6 3. Nge2 e6 4. d4 cxd4 5. Nxd4 Nf6 6. a3 Qc7 7. Be3 a6 8. f4 d6 9. Qf3 Nxd4 10. Bxd4 b5 11. 0-0-0 Bb7 12. g4 Nd7 13. Kb1 Rc8 14. h4 Nc5 15. Rh2 Bc6 16. g5 Qb7 17. Re2 b4 18. axb4 Qxb4 19. h5 Rb8 20. Nd5 Qb7 21. Bg2 Bb5 22. Ree1 exd5 23. exd5+ Kd8 24. h6 Rg8 25. Qc3 gxh6 26. Qa5+ Qb6 27. Qc3 Bd7 28. Be4 hxg5 29. Bxh7 Rg6 30. Bxg6 fxg6 31. fxg5 Bf5 32. Rh1 Qb3 33. Qxb3 Nxb3 34. Bf6+ Ke8 35. Rh7 Nc5 36. Re1+ Ne4 37. Kc1 Rc8 38. c3 Rc5 39. Rh4 Rxd5 40. Rhxe4+ Bxe4 41. Rxe4+ Kf7 42. Kc2 a5 43. Kb3 Rb5+ 44. Kc2 d5 45. Rh4 Ke6 46. Rh8 Bd6 47. Rd8 Bf4 48. b3 Kf5 49. Rf8 Bxg5 50. Bd4+ Kg4 51. Rg8 Kf5 52. Rf8+ Kg4 53. Rf1 Bf4 54. Rg1+ Kf5 55. Ra1 g5 56. c4 dxc4 57. bxc4 Rb4 58. Kd3 Rb3+ 59. Kc2 Rf3 60. Rxa5+ Ke4 61. Ba7 g4 62. c5 g3 63. c6 g2 64. Ra1 Kd5 65. Rg1 Kxc6 66. Rxg2 Bd6 67. Bd4 Rf4 68. Bc3 Rf3 69. Rg6 Kd5 70. Rg5+ Kc4 71. Rg4+ Kd5 72. Rd4+ Kc6 73. Rd1 Bc5 74. Kb3 Kb5 75. Rd5 Kc6 76. Rd1 Kb5 77. Rd5 Kc6 78. Rd8 Kb5 79. Rb8+ Kc6 80. Kc4 Rf4+ 81. Kd3 Kd5 82. Rd8+ Kc6 83. Be5 Rf3+ 84. Kc4 Bb6 85. Rd6+ Kb7 86. Bc3 Rf5 87. Rg6 Rc5+ 88. Kb4 Rf5 89. Kb3 Ka6 90. Bb4 Kb5 91. Bc3 Rf3 92. Kc2 Bc5 93. Rg4 Rf2+ 94. Kd3 Rf3+ 95. Kd2 Rf2+ 96. Ke1 Rc2 97. Bd2 Rc4 98. Rg8 Bb4 99. Rb8+ Ka4 100. Ke2 Bxd2 101. Kd3 Rb4 102. Rxb4+ Bxb4 1/2-1/2

[Event "Titled Tuesday intern op 28th Mar Late"]
[Site "Chess.com INT"]
[Date "2023.03.28"]
[Round "8"]
[White "Ozer, Omer Faruk"]
[Black "Kollars, Dmitrij"]
[Result "1-0"]
[WhiteElo "2360"]
[BlackElo "2618"]
[PlyCount "83"]
[EventDate "2023.03.28"]
[EventType "swiss (blitz)"]
[EventRounds "11"]
[EventCountry "USA"]
[SourceTitle "EXT 2024"]
[Source "ChessBase"]
[SourceDate "2023.10.10"]
[SourceVersion "1"]
[SourceVersionDate "2023.10.10"]
[SourceQuality "1"]

1. d4 Nf6 2. Nf3 g6 3. Bg5 Bg7 4. Nbd2 0-0 5. e4 d5 6. exd5 Nxd5 7. c3 c5 8. dxc5 Nd7 9. c6 bxc6 10. Nb3 a5 11. Bc4 a4 12. Nbd4 Bb7 13. a3 h6 14. Bh4 Qb6 15. 0-0 e5 16. Nc2 Nc5 17. Nb4 Nf4 18. Bg3 Ne4 19. Bxf4 exf4 20. Qc2 Nd6 21. Ba2 Nf5 22. Rad1 Rfd8 23. Rxd8+ Rxd8 24. Rd1 Rxd1+ 25. Qxd1 c5 26. Nd3 Be4 27. Nde5 Nd6 28. Qd2 g5 29. h3 Bxf3 30. Nxf3 c4 31. Bb1 Qc5 32. Bc2 Qc6 33. Qd1 Qb6 34. Bxa4 Ne4 35. Qe2 Nc5 36. Qxc4 Nxa4 37. Qxa4 Qxb2 38. Qe8+ Bf8 39. Ne5 Qb7 40. Nd7 Kh7 41. Qxf7+ Bg7 42. Nf6+ 1-0

[Event "Titled Tuesday intern op 21st Mar Late"]
[Site "Chess.com INT"]
[Date "2023.03.21"]
[Round "3"]
[White "Baskakov, Egor"]
[Black "Ozer, Omer Faruk"]
[Result "0-1"]
[WhiteElo "2215"]
[BlackElo "2360"]
[PlyCount "118"]
[EventDate "2023.03.21"]
[EventType "swiss (blitz)"]
[EventRounds "11"]
[EventCountry "USA"]
[SourceTitle "EXT 2024"]
[Source "ChessBase"]
[SourceDate "2023.10.10"]
[SourceVersion "1"]
[SourceVersionDate "2023.10.10"]
[SourceQuality "1"]

1. e4 c5 2. Nf3 Nc6 3. Nc3 e6 4. Be2 Nf6 5. 0-0 Qc7 6. d4 cxd4 7. Nxd4 a6 8. a4 d6 9. Nb3 Be7 10. Be3 b6 11. f4 Bb7 12. Bf3 0-0 13. Qd2 Rad8 14. Qf2 Nd7 15. Rad1 Nc5 16. Nxc5 bxc5 17. f5 Bf6 18. Bg4 Qe7 19. Rfe1 Nd4 20. Bf4 Be5 21. Bxe5 dxe5 22. Nb1 Qg5 23. Bh3 exf5 24. Bxf5 g6 25. c3 gxf5 26. cxd4 Rxd4 27. Rxd4 cxd4 28. exf5 Rc8 29. h4 Qg4 30. Nd2 Rc2 31. Rxe5 Bxg2 32. Qxg2 Qxg2+ 33. Kxg2 Rxd2+ 34. Kf3 Rxb2 35. Ra5 Rb6 36. Ke4 Rd6 37. Ke5 Rd8 38. Rc5 d3 39. Rc1 d2 40. Rd1 Kg7 41. h5 Kh6 42. Kf6 Rd7 43. Ke5 Kxh5 44. Kf4 Kh6 45. Ke5 Kg5 46. Rg1+ Kh4 47. Rd1 Kg3 48. Ke4 Kf2 49. Ke5 Ke2 50. Rh1 d1Q 51. Rxd1 Kxd1 52. Kf6 Kc2 53. a5 Kb3 54. Kg7 Kb4 55. f6 Kxa5 56. Kxh7 Kb5 57. Kg7 Kc6 58. Kf8 a5 59. Ke8 a4 0-1

[Event "Titled Tuesday intern op 21st Mar Late"]
[Site "Chess.com INT"]
[Date "2023.03.21"]
[Round "4"]
[White "Rostovtsev, Dmitry"]
[Black "Ozer, Omer Faruk"]
[Result "1-0"]
[WhiteElo "2259"]
[BlackElo "2360"]
[PlyCount "79"]
[EventDate "2023.03.21"]
[EventType "swiss (blitz)"]
[EventRounds "11"]
[EventCountry "USA"]
[SourceTitle "EXT 2024"]
[Source "ChessBase"]
[SourceDate "2023.10.10"]
[SourceVersion "1"]
[SourceVersionDate "2023.10.10"]
[SourceQuality "1"]

1. e4 c5 2. Nf3 Nc6 3. Bb5 e5 4. 0-0 Bd6 5. Re1 a6 6. Bf1 Nge7 7. c3 Qc7 8. h3 0-0 9. d4 cxd4 10. cxd4 exd4 11. Nxd4 Nxd4 12. Qxd4 b5 13. Nc3 Bb7 14. Rd1 Bc5 15. Qxd7 Qb6 16. Bg5 Bxf2+ 17. Kh1 Ng6 18. Nd5 Bxd5 19. exd5 Be3 20. Bxe3 Qxe3 21. d6 Rfd8 22. Qb7 Nf4 23. d7 Ne6 24. Rac1 Ra7 25. Qc8 g6 26. Re1 Qg5 27. Qc6 Raxd7 28. Qxa6 b4 29. Rc2 Nd4 30. Rf2 Nf5 31. Qb5 Rd2 32. Rxd2 Rxd2 33. Qxb4 Ng3+ 34. Kg1 Nxf1 35. Re8+ Kg7 36. Qf8+ Kf6 37. Qe7+ Kf5 38. Qe4+ Kf6 39. Qe7+ Kf5 40. Qe5# 1-0

[Event "Titled Tuesday intern op 7th Mar Early"]
[Site "Chess.com INT"]
[Date "2023.03.07"]
[Round "5"]
[White "Mitrabha, Guha"]
[Black "Ozer, Omer Faruk"]
[Result "0-1"]
[WhiteElo "2510"]
[BlackElo "2360"]
[PlyCount "68"]
[EventDate "2023.03.07"]
[EventType "swiss (blitz)"]
[EventRounds "11"]
[EventCountry "USA"]
[SourceTitle "EXT 2024"]
[Source "ChessBase"]
[SourceDate "2023.10.10"]
[SourceVersion "1"]
[SourceVersionDate "2023.10.10"]
[SourceQuality "1"]

1. c4 e5 2. Nc3 Bb4 3. Nd5 Be7 4. Nf3 d6 5. d4 c6 6. Nxe7 Qxe7 7. e3 Nf6 8. Be2 0-0 9. 0-0 Nbd7 10. b3 e4 11. Nd2 Re8 12. a4 a5 13. Ba3 Nf8 14. Qc2 Bf5 15. Rfb1 Ne6 16. b4 g6 17. bxa5 Nxd4 18. Qd1 Nxe2+ 19. Qxe2 Rxa5 20. Nb3 Rxa4 21. h3 Rea8 22. Bb2 Rxa1 23. Rxa1 Rxa1+ 24. Bxa1 Nd7 25. Qb2 Ne5 26. c5 f6 27. cxd6 Qxd6 28. Nd4 b5 29. Qa2+ Kg7 30. Qa7+ Bd7 31. Bb2 b4 32. g3 c5 33. Nb3 Qd1+ 34. Kg2 Nf3 0-1

[Event "Titled Tuesday intern op 7th Mar Early"]
[Site "Chess.com INT"]
[Date "2023.03.07"]
[Round "3"]
[White "Ozer, Omer Faruk"]
[Black "Aarav, Dengla"]
[Result "1-0"]
[WhiteElo "2360"]
[BlackElo "2349"]
[PlyCount "95"]
[EventDate "2023.03.07"]
[EventType "swiss (blitz)"]
[EventRounds "11"]
[EventCountry "USA"]
[SourceTitle "EXT 2024"]
[Source "ChessBase"]
[SourceDate "2023.10.10"]
[SourceVersion "1"]
[SourceVersionDate "2023.10.10"]
[SourceQuality "1"]

1. d4 d5 2. Nf3 e6 3. g3 c5 4. Bg2 Nc6 5. 0-0 Nf6 6. b3 b6 7. c4 Bb7 8. cxd5 Nxd5 9. Bb2 Nf6 10. Nc3 Nxd4 11. Nxd4 Bxg2 12. Nxe6 Qxd1 13. Rfxd1 fxe6 14. Kxg2 Be7 15. Nb5 Kf7 16. Bxf6 gxf6 17. Rd7 a6 18. Nd6+ Kf8 19. Rd1 Rg8 20. Nc4 b5 21. Na5 Rg7 22. Nc6 Rc8 23. Na7 Ra8 24. Rc7 f5 25. Rdd7 Bf6 26. Rxg7 Bxg7 27. Nc8 Be5 28. Rxc5 Bd4 29. Rc6 Ke8 30. Rxe6+ Kd7 31. Rd6+ Kxc8 32. Rxd4 Kc7 33. Rh4 Rf8 34. Rxh7+ Kd6 35. Kf3 Kc5 36. Rh4 a5 37. Rf4 Kd5 38. h4 b4 39. h5 Ke5 40. h6 Rh8 41. Rh4 Rc8 42. h7 Rh8 43. e3 Kf6 44. Kf4 Kg6 45. f3 Kf6 46. Rh6+ Kg7 47. Kg5 a4 48. bxa4 1-0

[Event "Titled Tuesday intern op 7th Mar Late"]
[Site "Chess.com INT"]
[Date "2023.03.07"]
[Round "1"]
[White "Seletsky, Grigory"]
[Black "Ozer, Omer Faruk"]
[Result "0-1"]
[WhiteElo "2279"]
[BlackElo "2360"]
[PlyCount "106"]
[EventDate "2023.03.07"]
[EventType "swiss (blitz)"]
[EventRounds "11"]
[EventCountry "USA"]
[SourceTitle "EXT 2024"]
[Source "ChessBase"]
[SourceDate "2023.10.10"]
[SourceVersion "1"]
[SourceVersionDate "2023.10.10"]
[SourceQuality "1"]

1. d4 Nf6 2. Nf3 g6 3. Bg5 Bg7 4. c3 0-0 5. Nbd2 d5 6. e3 b6 7. h3 Bb7 8. Be2 Nbd7 9. 0-0 c5 10. a4 a6 11. b4 Ne4 12. Nxe4 dxe4 13. Nd2 h6 14. Bh4 g5 15. Bg3 cxd4 16. cxd4 e5 17. Nb3 f5 18. dxe5 f4 19. Bh2 Nxe5 20. Qxd8 Raxd8 21. Rfd1 Nd3 22. Rab1 Rd5 23. Bxd3 exd3 24. e4 Rd7 25. f3 Rc8 26. Kf1 Rc2 27. Bg1 Bc6 28. a5 bxa5 29. Nc5 Rd8 30. bxa5 Bb5 31. Rxb5 axb5 32. a6 Ra2 33. Ne6 Rd6 34. Nxg7 Kxg7 35. a7 Rd7 36. Rb1 d2 37. Rd1 b4 38. Ke2 b3 39. e5 b2 40. e6 Re7 41. Bd4+ Kg6 42. Bxb2 Rxe6+ 43. Kd3 Rxa7 44. Rxd2 Rd7+ 45. Kc2 Rxd2+ 46. Kxd2 Kf5 47. Bg7 h5 48. Bc3 g4 49. hxg4+ hxg4 50. Bd4 Ra6 51. Ke2 Ra2+ 52. Kf1 gxf3 53. gxf3 Kg5 0-1

[Event "Titled Tuesday intern op 7th Mar Early"]
[Site "Chess.com INT"]
[Date "2023.03.07"]
[Round "2"]
[White "Vasques, Antonio Pedro Freix"]
[Black "Ozer, Omer Faruk"]
[Result "0-1"]
[WhiteElo "2208"]
[BlackElo "2360"]
[PlyCount "72"]
[EventDate "2023.03.07"]
[EventType "swiss (blitz)"]
[EventRounds "11"]
[EventCountry "USA"]
[SourceTitle "EXT 2024"]
[Source "ChessBase"]
[SourceDate "2023.10.10"]
[SourceVersion "1"]
[SourceVersionDate "2023.10.10"]
[SourceQuality "1"]

1. Nf3 d5 2. g3 c6 3. Bg2 Bg4 4. 0-0 Nd7 5. c4 e6 6. d4 Ngf6 7. Qb3 Qb6 8. c5 Qa6 9. Nc3 Be7 10. Re1 b6 11. cxb6 axb6 12. e4 0-0 13. Ne5 Nxe5 14. dxe5 Nd7 15. exd5 cxd5 16. Be3 Nc5 17. Qb5 Qxb5 18. Nxb5 Nd3 19. Rf1 Nxb2 20. Nd4 Nc4 21. Nc2 Bf5 22. Rfc1 Bxc2 23. Rxc2 Nxe3 24. fxe3 Bc5 25. Kf2 Ra3 26. Re1 Rfa8 27. Ree2 g5 28. g4 Kg7 29. h3 f6 30. exf6+ Kxf6 31. Bf3 Ke5 32. Kg3 Rxe3 33. Rxe3+ Bxe3 34. Be2 Ra3 35. Kg2 d4 36. Bf3 d3 0-1

[Event "Titled Tuesday intern op 21st Feb Late"]
[Site "Chess.com INT"]
[Date "2023.02.21"]
[Round "4"]
[White "Ozer, Omer Faruk"]
[Black "Rodriguez Fontecha, Marcos"]
[Result "1-0"]
[WhiteElo "2360"]
[BlackElo "2309"]
[PlyCount "55"]
[EventDate "2023.02.21"]
[EventType "swiss (blitz)"]
[EventRounds "11"]
[EventCountry "USA"]
[SourceTitle "CBM 212 Extra"]
[Source "ChessBase"]
[SourceDate "2023.03.31"]
[SourceVersion "1"]
[SourceVersionDate "2023.03.31"]
[SourceQuality "1"]

1. e4 e6 2. d3 d5 3. Nd2 Nf6 4. Ngf3 Nc6 5. Be2 dxe4 6. dxe4 e5 7. 0-0 Bc5 8. c3 a5 9. a4 0-0 10. Qc2 Qe7 11. Nc4 Bg4 12. Ne3 Bh5 13. Nf5 Qe8 14. Bg5 Nd7 15. Rad1 f6 16. Bc1 Bf7 17. Bb5 Rd8 18. Qe2 Na7 19. Bc4 Nb6 20. Rxd8 Qxd8 21. Bxf7+ Rxf7 22. b3 Rd7 23. h4 Rd3 24. Qc2 Nc6 25. h5 Rd7 26. N3h4 Nc8 27. Qe2 N6e7 28. Qc4+ 1-0

[Event "Titled Tuesday intern op 03rd Jan Late"]
[Site "Chess.com INT"]
[Date "2023.01.03"]
[Round "2"]
[White "Ozer, Omer Faruk"]
[Black "Bortnyk, Mykola"]
[Result "0-1"]
[WhiteElo "2360"]
[BlackElo "2442"]
[PlyCount "48"]
[EventDate "2023.01.03"]
[EventType "swiss (blitz)"]
[EventRounds "11"]
[EventCountry "USA"]
[SourceTitle "EXT 2024"]
[Source "ChessBase"]
[SourceDate "2023.10.10"]
[SourceVersion "1"]
[SourceVersionDate "2023.10.10"]
[SourceQuality "1"]

1. e4 Nf6 2. e5 Nd5 3. d4 d6 4. c4 Nb6 5. exd6 exd6 6. h3 Be7 7. Nf3 0-0 8. Bd3 Bf6 9. 0-0 Nc6 10. Nc3 Nb4 11. Bb1 g6 12. a3 Nc6 13. b3 a5 14. a4 Re8 15. Be3 Be6 16. Qd2 d5 17. c5 Nd7 18. Ng5 Nxc5 19. dxc5 d4 20. Nce4 dxe3 21. Qxd8 Bxd8 22. fxe3 Bxb3 23. Ba2 Bxa2 24. Rxa2 f5 0-1